Southville International School and Colleges
Your cart is empty.
  • Cart
  • Lists
    Public lists Eva Luna New books Lux_list list_1
    Your lists Log in to create your own lists
  • Log in to your account
  • Your cookies
  • Search history
Southville International School and Colleges
  • Advanced search
  • Recent comments
  • Most popular
  • Libraries

Log in to your account

Log in with GOOGLE


If you do not have an external account, but do have a local account, you can still log in:

  1. Home
  2. MARC view: Robinson Crusoe /
Normal view MARC view ISBD view

Robinson Crusoe / (Record no. 20474)

[ view plain ]
MARC details
000 -LEADER
fixed length control field 00430nam a2200169 a 4500
005 - DATE AND TIME OF LATEST TRANSACTION
control field 20140310183230.0
008 - FIXED-LENGTH DATA ELEMENTS--GENERAL INFORMATION
fixed length control field 041203s19uu xx 00 eng d
020 ## - INTERNATIONAL STANDARD BOOK NUMBER
International Standard Book Number 076783003958
050 ## - LIBRARY OF CONGRESS CALL NUMBER
Classification number PR 3403
Item number .D314 1991
100 ## - MAIN ENTRY--PERSONAL NAME
Personal name Defoe, Daniel
245 ## - TITLE STATEMENT
Title Robinson Crusoe /
Statement of responsibility, etc Daniel Defoe.
260 ## - PUBLICATION, DISTRIBUTION, ETC. (IMPRINT)
Place of publication, distribution, etc USA :
Name of publisher, distributor, etc Bantam Books,
Date of publication, distribution, etc 1991.
300 ## - PHYSICAL DESCRIPTION
Extent 277 p. :
Dimensions 18 cm.
650 ## - SUBJECT ADDED ENTRY--TOPICAL TERM
Topical term or geographic name as entry element Fiction
942 ## - ADDED ENTRY ELEMENTS (KOHA)
Koha item type Books
Source of classification or shelving scheme Library of Congress Classification
Holdings
Withdrawn status Lost status Source of classification or shelving scheme Damaged status Home library Current library Shelving location Date acquired Total Checkouts Full call number Barcode Date last seen Copy number Price effective from Koha item type
    Library of Congress Classification   College Library College Library Fiction Section 12/03/2004   PR 3403 .D314 1991 C4440 05/08/2018 1 10/10/2013 Books

Robinson Crusoe /

APA

Defoe D., . (1991). Robinson Crusoe. USA: Bantam Books.

Chicago

Defoe Daniel, . 1991. Robinson Crusoe. USA: Bantam Books.

Harvard

Defoe D., . (1991). Robinson Crusoe. USA: Bantam Books.

MLA

Defoe Daniel, . Robinson Crusoe. USA: Bantam Books. 1991.

  • Place hold
  • Print
  • Cite
  • Add to your cart (remove)
  • Save record
    BIBTEX Dublin Core MARCXML MARC (non-Unicode/MARC-8) MARC (Unicode/UTF-8) MARC (Unicode/UTF-8, Standard) MODS (XML) RIS
  • More searches
    Search for this title in:
    Other Libraries (WorldCat) Other Databases (Google Scholar) Online Stores (Bookfinder.com) Open Library (openlibrary.org)

Exporting to Dublin Core...

SOUTHVILLE LIBRARY

Southville International School and Colleges Library

1281 Tropical Ave. Cor. Luxembourg St., BF Homes International, Las Pinas City

Tel. No. 8256374 / 252358 Loc. 117/146

Powered by Koha